double numbers speedrun - Statistics

General Stats
  • This quiz has been taken 68 times
  • The average score is 9 of 15
Answer Stats
Hint Answer % Correct
1. 1
100%
2. 2
100%
3. 4
94%
4. 8
88%
5. 16
73%
6. 32
70%
7. 64
64%
8. 128
61%
9. 256
55%
10. 512
52%
11. 1024
39%
12. 2048
39%
13. 4096
30%
14. 8192
15%
15. 16384
3%
No matching quizzes found
Score Distribution
Percent of People with Each Score
Percentile by Number Answered
Your Score History
You have not taken this quiz